[Event "Curitiba IEP&Copel op"]
[Site "Curitiba"]
[Date "2017.05.13"]
[Round "4"]
[White "Bracht, Rainer"]
[Black "Pirola, Claudionor Alcides"]
[Result "0-1"]
[WhiteElo "1912"]
[BlackElo "2103"]
[PlyCount "90"]
[EventDate "2017.05.12"]
[EventType "swiss"]
[EventRounds "6"]
[EventCountry "BRA"]
[SourceTitle "CBM 178 Extra"]
[Source "ChessBase"]
[SourceDate "2017.06.22"]
[SourceVersion "1"]
[SourceVersionDate "2017.06.22"]
[SourceQuality "1"]

1. d4 Nf6 2. c4 g6 3. Nc3 Bg7 4. e4 d6 5. Nf3 0-0 6. Be2 Na6 7. 0-0 e5 8. d5 Nc5 9. Qc2 a5 10. b3 Ncxe4 11. Nxe4 Nxe4 12. Qxe4 f5 13. Qe3 f4 14. Qd2 e4 15. Bb2 exf3 16. Bxf3 Bd7 17. Bxg7 Kxg7 18. Rfe1 Qf6 19. Rad1 b6 20. h3 Rae8 21. Rxe8 Rxe8 22. Kf1 Qe5 23. Re1 Qxe1+ 24. Qxe1 Rxe1+ 25. Kxe1 Kf6 26. Kd2 Ke5 27. Kc3 Bf5 28. a3 Be4 29. h4 h6 30. Bxe4 Kxe4 31. a4 g5 32. hxg5 hxg5 33. Kd2 g4 34. Ke2 Kf5 35. Kd3 Ke5 36. f3 gxf3 37. gxf3 Kf5 38. Kd4 Kg6 39. Kd3 Kh5 40. Kd4 Kh4 41. Kd3 Kh3 42. Ke4 Kg3 43. Kf5 Kxf3 44. Ke6 Ke4 45. Kd7 Kd4 0-1

[Event "Curitiba IEP&Copel op"]
[Site "Curitiba"]
[Date "2017.05.12"]
[Round "1"]
[White "Pirola, Claudionor Alcides"]
[Black "Colaco, Willian Wagner Soar"]
[Result "1-0"]
[WhiteElo "2103"]
[BlackElo "1606"]
[PlyCount "85"]
[EventDate "2017.05.12"]
[EventType "swiss"]
[EventRounds "6"]
[EventCountry "BRA"]
[SourceTitle "CBM 178 Extra"]
[Source "ChessBase"]
[SourceDate "2017.06.22"]
[SourceVersion "1"]
[SourceVersionDate "2017.06.22"]
[SourceQuality "1"]

1. e4 e6 2. d4 d5 3. Nc3 Bb4 4. e5 Ne7 5. Bd2 c5 6. a3 Bxc3 7. Bxc3 c4 8. h4 Nbc6 9. h5 h6 10. Qg4 Nf5 11. Nf3 Bd7 12. Be2 Qe7 13. Nh4 Nxh4 14. Qxh4 Qxh4 15. Rxh4 f6 16. b3 cxb3 17. cxb3 Rc8 18. Kd2 a6 19. exf6 gxf6 20. Bd3 Ke7 21. b4 Rhg8 22. g3 e5 23. Re1 Kd6 24. Bg6 exd4 25. Bxd4 Nxd4 26. Rxd4 Ba4 27. Bf7 Rc2+ 28. Kd3 Rg5 29. Re6+ Kc7 30. Rxf6 Ra2 31. Rxd5 Rxa3+ 32. Kd2 Ra2+ 33. Ke3 Ra3+ 34. Kf4 Rg7 35. Rc5+ Bc6 36. Bd5 Ra4 37. Bxc6 bxc6 38. Rcxc6+ Kd7 39. Rfd6+ Ke8 40. Rxa6 Rxb4+ 41. Kf3 Rf7+ 42. Rf6 Rb3+ 43. Kg2 1-0

[Event "Florianopolis op 3rd"]
[Site "Florianopolis"]
[Date "2017.01.25"]
[Round "8"]
[White "Pirola, Claudionor Alcides"]
[Black "Corvalao, Eder Daniel"]
[Result "1/2-1/2"]
[WhiteElo "2113"]
[BlackElo "1843"]
[PlyCount "98"]
[EventDate "2017.01.20"]
[EventType "swiss"]
[EventRounds "10"]
[EventCountry "BRA"]
[SourceTitle "CBM 176 Extra"]
[Source "ChessBase"]
[SourceDate "2017.03.02"]
[SourceVersion "1"]
[SourceVersionDate "2017.03.02"]
[SourceQuality "1"]

1. e4 b6 2. d4 Bb7 3. Nc3 e6 4. Bd3 Nf6 5. Nf3 c5 6. 0-0 cxd4 7. Nxd4 Nc6 8. Nxc6 Bxc6 9. e5 Nd5 10. Nb5 Qb8 11. Re1 Bc5 12. c4 Ne7 13. Bf4 Qb7 14. Bf1 Nf5 15. a3 g5 16. Bc1 Bxb5 17. cxb5 Be7 18. Bd3 Rc8 19. Bd2 Qd5 20. Bc3 Nh4 21. Re4 Ng6 22. Rd4 Qb7 23. Qe2 Nf4 24. Qf1 Rc5 25. Be4 Qc8 26. Rad1 Rc7 27. g3 Ng6 28. Bxg6 hxg6 29. Qd3 Bxa3 30. bxa3 Rxc3 31. Qd2 Rc7 32. Qxg5 Rh5 33. Qf4 Qb7 34. h4 Rf5 35. Qe3 Qf3 36. Qd2 Rxe5 37. Rxd7 Rxd7 38. Qxd7+ Kf8 39. Qd6+ Kg8 40. Qb8+ Kh7 41. Qxe5 Qxd1+ 42. Kg2 Qb3 43. Qf6 Qd5+ 44. Kh2 Kg8 45. Qb2 Qf3 46. Kg1 Kf8 47. Qb4+ Kg7 48. Qa4 Qb7 49. Qd4+ Kf8 1/2-1/2

[Event "Florianopolis op 3rd"]
[Site "Florianopolis"]
[Date "2017.01.24"]
[Round "7"]
[White "Ribeiro, Jose Joselito"]
[Black "Pirola, Claudionor Alcides"]
[Result "1-0"]
[WhiteElo "1914"]
[BlackElo "2113"]
[PlyCount "99"]
[EventDate "2017.01.20"]
[EventType "swiss"]
[EventRounds "10"]
[EventCountry "BRA"]
[SourceTitle "CBM 176 Extra"]
[Source "ChessBase"]
[SourceDate "2017.03.02"]
[SourceVersion "1"]
[SourceVersionDate "2017.03.02"]
[SourceQuality "1"]

1. e4 e5 2. Nf3 Nc6 3. Bb5 a6 4. Ba4 Nf6 5. d3 b5 6. Bb3 Be7 7. 0-0 d6 8. a3 0-0 9. h3 Na5 10. Ba2 c5 11. Nc3 Be6 12. Ne2 Nc6 13. Ng3 Rc8 14. Ng5 Bxa2 15. Rxa2 g6 16. f4 d5 17. f5 dxe4 18. N5xe4 Nd4 19. Bh6 Rc6 20. Bxf8 Bxf8 21. c3 Nxf5 22. Nxf5 gxf5 23. Rxf5 Nxe4 24. Qg4+ Rg6 25. Qxe4 c4 26. d4 exd4 27. cxd4 Bg7 28. Rd5 Qc8 29. Kh1 Re6 30. Qh4 Bf6 31. Qg4+ Kh8 32. Qg3 Qe8 33. Ra1 Re4 34. Rf1 Bxd4 35. Rd1 Bf6 36. Qf2 Bh4 37. Qf3 Re1+ 38. Rxe1 Qxe1+ 39. Kh2 Qe7 40. Rf5 Qd6+ 41. g3 Qd2+ 42. Qf2 Qxf2+ 43. Rxf2 Bg5 44. Rxf7 Bc1 45. Rf2 a5 46. Rc2 Be3 47. Kg2 Kg7 48. Kf3 Bc5 49. Ke4 Bd6 50. Kd5 1-0

[Event "Florianopolis op 3rd"]
[Site "Florianopolis"]
[Date "2017.01.20"]
[Round "1"]
[White "Valdes Escobar, Alvaro Daniel"]
[Black "Pirola, Claudionor Alcides"]
[Result "1/2-1/2"]
[WhiteElo "2397"]
[BlackElo "2113"]
[PlyCount "63"]
[EventDate "2017.01.20"]
[EventType "swiss"]
[EventRounds "10"]
[EventCountry "BRA"]
[SourceTitle "CBM 176 Extra"]
[Source "ChessBase"]
[SourceDate "2017.03.02"]
[SourceVersion "1"]
[SourceVersionDate "2017.03.02"]
[SourceQuality "1"]

1. Nf3 Nf6 2. c4 g6 3. g3 Bg7 4. Bg2 0-0 5. 0-0 c6 6. d4 d5 7. b3 dxc4 8. bxc4 c5 9. Bb2 Qb6 10. Qb3 Nc6 11. d5 Na5 12. Qxb6 axb6 13. Nbd2 b5 14. cxb5 Nxd5 15. Bxg7 Kxg7 16. Rfc1 b6 17. Ne5 Rd8 18. Ndc4 Nxc4 19. Nxc4 Rb8 20. Rd1 Be6 21. a4 Nc3 22. Rxd8 Rxd8 23. Nxb6 Rd6 24. a5 Nxb5 25. e3 c4 26. Rc1 Na3 27. Bf3 Kf8 28. Ra1 Nc2 29. Rc1 Na3 30. Ra1 Nc2 31. Rc1 Na3 32. Ra1 1/2-1/2

[Event "Icara op U2200 1st"]
[Site "Icara"]
[Date "2016.08.07"]
[Round "7"]
[White "Pirola, Claudionor Alcides"]
[Black "Mariani, Daniel Brandao"]
[Result "0-1"]
[WhiteElo "2128"]
[BlackElo "1975"]
[PlyCount "106"]
[EventDate "2016.08.05"]
[EventType "swiss"]
[EventRounds "7"]
[EventCountry "BRA"]
[SourceTitle "CBM 173 Extra"]
[Source "ChessBase"]
[SourceDate "2016.08.29"]
[SourceVersion "1"]
[SourceVersionDate "2016.08.29"]
[SourceQuality "1"]

1. e4 e5 2. Nf3 Nf6 3. Nxe5 d6 4. Nf3 Nxe4 5. Bd3 Nc5 6. Be2 Be7 7. d4 Ne4 8. d5 0-0 9. 0-0 Bf5 10. Nd4 Bg6 11. a4 Nd7 12. a5 a6 13. c4 Re8 14. f4 h6 15. Bf3 Bf6 16. Ra3 Bxd4+ 17. Qxd4 Qf6 18. Be3 Re7 19. Nc3 Qxd4 20. Bxd4 Nd2 21. Be2 Nxf1 22. Kxf1 Rae8 23. Kf2 Nf6 24. Bxf6 gxf6 25. Rb3 Rb8 26. g4 Be4 27. Rb4 f5 28. gxf5 Bxf5 29. Bf3 Bd3 30. Be2 Bxe2 31. Nxe2 Re4 32. Kf3 Rbe8 33. Ng3 Rd4 34. b3 Rd3+ 35. Kg4 Rb8 36. Nf5 Kh7 37. Ng3 Rd2 38. Kh3 Ra2 39. Nf5 Rxa5 40. Nd4 Kg6 41. Kg4 h5+ 42. Kf3 Ra2 43. Nc6 bxc6 44. Rxb8 cxd5 45. cxd5 Rxh2 46. Rb7 Rc2 47. Ra7 Kf5 48. Rxa6 Rc3+ 49. Kg2 Kxf4 50. b4 Rc2+ 51. Kh3 Ke5 52. b5 Kd4 53. b6 c5 0-1